[Event "CYCC U10"]
[Site "Regina CAN"]
[Date "2019.07.07"]
[Round "1.37"]
[White "Gao, Sean"]
[Black "Jiang Barron, Jiyu"]
[Result "0-1"]
[WhiteElo "807"]
[BlackElo "1556"]
[PlyCount "62"]
[EventDate "2019.07.07"]
[EventType "swiss"]
[EventRounds "7"]
[EventCountry "CAN"]

1. e4 c5 2. Nf3 d6 3. Bc4 Nc6 4. Nc3 Nf6 5. d3 e6 6. Bg5 Be7 7. O-O a6 8. a4
O-O 9. Qd2 h6 10. Be3 d5 11. exd5 exd5 12. Ba2 d4 13. Rfe1 dxe3 14. Rxe3 Nd4
15. Rae1 Be6 16. Bxe6 Nxe6 17. Nh4 Ng4 18. Rg3 Bg5 19. Qe2 Bxh4 20. Rxg4 Nd4
21. Qd2 f5 22. Rg6 Kh7 23. Rb6 Qxb6 24. Nd5 Qg6 25. Qe3 Rae8 26. Ne7 Rxe7 27.
Qxe7 Bxe7 28. Rxe7 Qg5 29. Re3 f4 30. Re4 f3 31. Rg4 Qc1# 0-1

[Event "CYCC U10"]
[Site "Regina CAN"]
[Date "2019.07.07"]
[Round "1.38"]
[White "Chen, Vincent"]
[Black "Jackson, Mateo"]
[Result "1-0"]
[WhiteElo "1456"]
[BlackElo "778"]
[PlyCount "71"]
[EventDate "2019.07.07"]
[EventType "swiss"]
[EventRounds "7"]
[EventCountry "CAN"]

1. e4 e5 2. Nf3 Nc6 3. d4 exd4 4. Nxd4 Nf6 5. Nc3 Bc5 6. Be3 Bb4 7. Nxc6 dxc6
8. Qxd8+ Kxd8 9. O-O-O+ Bd7 10. e5 Nd5 11. Nxd5 cxd5 12. Rxd5 c6 13. Rd1 Kc7
14. Bf4 Be6 15. c3 Bc5 16. Rd2 Rac8 17. a3 Kb8 18. Bd3 Rhd8 19. Bg5 Rd5 20. f3
f6 21. exf6 Rxg5 22. Re1 Bf5 23. Bxf5 Rxf5 24. fxg7 Rg5 25. b4 Bb6 26. Re7 Rg8
27. Rdd7 Bd8 28. Rf7 Rxg2 29. Rf8 R2xg7 30. Rdxd8+ Kc7 31. Rxg8 Rxg8 32. Rxg8
h6 33. Rh8 Kb6 34. Rxh6 Kb5 35. Rh7 Kb6 36. Re7 1-0

[Event "CYCC U10"]
[Site "Regina CAN"]
[Date "2019.07.07"]
[Round "1.39"]
[White "Wang, Dennis"]
[Black "Ming, Jerry"]
[Result "0-1"]
[WhiteElo "776"]
[BlackElo "1390"]
[PlyCount "118"]
[EventDate "2019.07.07"]
[EventType "swiss"]
[EventRounds "7"]
[EventCountry "CAN"]

1. e4 e5 2. Nf3 Nc6 3. Bc4 Bc5 4. c3 Nf6 5. d4 exd4 6. cxd4 Bb4+ 7. Bd2 Bxd2+
8. Nbxd2 d5 9. exd5 Nxd5 10. Qb3 Nce7 11. O-O O-O 12. Rfe1 c6 13. Rac1 Nb6 14.
Bd3 Be6 15. Qc2 h6 16. h3 Ned5 17. a3 Nf4 18. Bf5 Bxf5 19. Qxf5 Ne6 20. Qe5 Nd5
21. b4 Ndf4 22. Re3 Re8 23. Qa5 Nxd4 24. Qxd8 Rexd8 25. Nxd4 Rxd4 26. Nf3 Rd5
27. Rc5 Ne6 28. Re5 Rxe5 29. Nxe5 Rd8 30. Rc3 Nf4 31. Rf3 f6 32. Rxf4 fxe5 33.
Re4 Re8 34. f4 Kf7 35. fxe5 Ke6 36. Kf2 Kf5 37. Kf3 Rxe5 38. Rxe5+ Kxe5 39. Ke3
g5 40. g4 b5 41. Kf3 Kd4 42. h4 gxh4 43. Kg2 Kc3 44. a4 bxa4 45. b5 cxb5 46.
Kh3 a3 47. Kxh4 a2 48. g5 hxg5+ 49. Kxg5 a1=Q 50. Kf5 Qe1 51. Kf4 Kd4 52. Kf5
Qe4+ 53. Kf6 Qe5+ 54. Kg6 Qf4 55. Kg7 Qd6 56. Kf7 Ke5 57. Ke8 Qc7 58. Kf8 Kf6
59. Kg8 Qg7# 0-1

[Event "CYCC U10"]
[Site "Regina CAN"]
[Date "2019.07.07"]
[Round "1.40"]
[White "Li, Alan"]
[Black "Zhou, Felix Tian"]
[Result "1-0"]
[WhiteElo "1272"]
[BlackElo "766"]
[PlyCount "45"]
[EventDate "2019.07.07"]
[EventType "swiss"]
[EventRounds "7"]
[EventCountry "CAN"]

1. e4 c5 2. Nf3 Nc6 3. d4 cxd4 4. Nxd4 Nf6 5. Nc3 e5 6. Nxc6 bxc6 7. Bg5 Bb7 8.
Bc4 Be7 9. h3 d5 10. exd5 cxd5 11. Bb5+ Nd7 12. Bxe7 Qxe7 13. Nxd5 Qe6 14. Nc7+
Kf8 15. Nxe6+ fxe6 16. Qxd7 Bxg2 17. Rg1 Rg8 18. Rxg2 a6 19. Bc4 g6 20. Qxe6
Rg7 21. O-O-O Re8 22. Qf6+ Rf7 23. Qxf7# 1-0

[Event "CYCC U10"]
[Site "Regina CAN"]
[Date "2019.07.07"]
[Round "1.41"]
[White "Shi, Sean"]
[Black "Zou, Alex"]
[Result "0-1"]
[WhiteElo "697"]
[BlackElo "1115"]
[PlyCount "80"]
[EventDate "2019.07.07"]
[EventType "swiss"]
[EventRounds "7"]
[EventCountry "CAN"]

1. e4 c5 2. Nf3 d6 3. Bc4 Nf6 4. Nc3 Nc6 5. d3 Bg4 6. h3 Bh5 7. g4 Bg6 8. Be3
e6 9. Bb5 Be7 10. e5 Nd7 11. Bf4 d5 12. d4 cxd4 13. Nxd4 Nxd4 14. Qxd4 Bxc2 15.
Qd2 Bg6 16. Bg3 O-O 17. Bxd7 Qxd7 18. O-O Bb4 19. Qd4 Be7 20. f3 Rac8 21. Qa4
Qxa4 22. Nxa4 Rc4 23. Nc3 Bc5+ 24. Bf2 Bxf2+ 25. Rxf2 a6 26. Rd1 Rfc8 27. h4 h5
28. Rfd2 b5 29. Rd4 Rxd4 30. Rxd4 Rc4 31. Rxc4 dxc4 32. Ne4 Bxe4 33. fxe4 hxg4
34. Kf2 b4 35. Kg3 c3 36. bxc3 bxc3 37. Kxg4 c2 38. Kh5 c1=Q 39. a4 Qg1 40. a5
Qg6# 0-1

[Event "CYCC U10"]
[Site "Regina CAN"]
[Date "2019.07.07"]
[Round "1.42"]
[White "Huang, Ivan"]
[Black "Wang, Howard"]
[Result "1-0"]
[WhiteElo "1104"]
[BlackElo "693"]
[PlyCount "69"]
[EventDate "2019.07.07"]
[EventType "swiss"]
[EventRounds "7"]
[EventCountry "CAN"]

1. e4 e5 2. Nf3 Nc6 3. Bc4 Bc5 4. c3 d6 5. d4 Bb6 6. dxe5 dxe5 7. Qxd8+ Nxd8 8.
Nxe5 Ne6 9. f4 Nf6 10. f5 Nd8 11. Nd2 g6 12. fxg6 hxg6 13. h3 Rh5 14. Nef3 Ng4
15. Nd4 Ne3 16. Bb3 Nxg2+ 17. Kf2 Nc6 18. Kxg2 Nxd4 19. cxd4 Bxd4 20. Nf3 Bc5
21. Bf4 b6 22. Bd5 Rxd5 23. exd5 Ba6 24. Rhe1+ Kf8 25. Bxc7 Rc8 26. d6 Bb7 27.
Kg3 Bb4 28. d7 Bxe1+ 29. Rxe1 Rxc7 30. d8=Q+ Kg7 31. Qxc7 Ba6 32. Re7 Bc4 33.
Qxc4 g5 34. Qxf7+ Kh6 35. Qh7# 1-0

[Event "CYCC U10"]
[Site "Regina CAN"]
[Date "2019.07.07"]
[Round "1.43"]
[White "Li, Anthony"]
[Black "Mane, Arnav"]
[Result "0-1"]
[WhiteElo "661"]
[BlackElo "1097"]
[PlyCount "84"]
[EventDate "2019.07.07"]
[EventType "swiss"]
[EventRounds "7"]
[EventCountry "CAN"]

1. e4 c5 2. Nf3 d6 3. d4 cxd4 4. Nxd4 Nf6 5. Nc3 a6 6. Bg5 e6 7. Qf3 Be7 8.
Bxf6 Bxf6 9. Bd3 Bxd4 10. Be2 Qf6 11. Qg3 Be5 12. Qe3 Bd4 13. Qg3 Bxc3+ 14.
bxc3 Qe5 15. Qxe5 dxe5 16. O-O O-O 17. Rab1 Nc6 18. Rfd1 b5 19. c4 b4 20. Rd6
Bb7 21. Rd7 Rab8 22. a3 a5 23. a4 Rfd8 24. Rxd8+ Rxd8 25. c3 Ba6 26. cxb4 Nxb4
27. f3 Rd2 28. Kf2 Rd8 29. Rc1 Nd3+ 30. Bxd3 Rxd3 31. c5 Kf8 32. c6 Ra3 33. c7
Bc8 34. Rd1 Ke7 35. Rb1 Rxa4 36. Rd1 Rd4 37. Ra1 a4 38. Kg3 Kd7 39. Rc1 a3 40.
Ra1 Ra4 41. Re1 a2 42. Ra1 Kxc7 0-1

[Event "CYCC U10"]
[Site "Regina CAN"]
[Date "2019.07.07"]
[Round "2.32"]
[White "Ming, Jerry"]
[Black "Han, Jonathan"]
[Result "0-1"]
[WhiteElo "1390"]
[BlackElo "2026"]
[PlyCount "90"]
[EventDate "2019.07.07"]
[EventType "swiss"]
[EventRounds "7"]
[EventCountry "CAN"]

1. e4 c5 2. c3 d5 3. exd5 Qxd5 4. d4 Nf6 5. Nf3 Bg4 6. Be2 e6 7. h3 Bh5 8. O-O
Be7 9. Be3 Nc6 10. Na3 O-O 11. dxc5 Qxd1 12. Raxd1 Nd5 13. Bd4 Nf4 14. Rfe1 e5
15. Bb5 Nxh3+ 16. gxh3 Bxf3 17. Rd3 exd4 18. Bxc6 Bxc6 19. Rxe7 dxc3 20. Rxc3
Rad8 21. Nc4 Rd1+ 22. Kh2 g5 23. Ne3 f5 24. Nxd1 Rd8 25. Ne3 f4 26. Nf5 Rd1 27.
f3 Rd2+ 28. Kg1 Rd1+ 29. Kf2 Bb5 30. Re1 Rd2+ 31. Kg1 Bd7 32. Ne7+ Kf7 33. Rb3
Bxh3 34. Rxb7 Rg2+ 35. Kh1 Rc2 36. c6 Bg2+ 37. Kg1 Bxf3 38. Nd5+ Kg6 39. Nc3 g4
40. Rxa7 g3 41. c7 Rh2 42. Ra6+ Kf7 43. Re7+ Kxe7 44. c8=N+ Kd8 45. Rd6+ Kxc8
0-1

[Event "CYCC U10"]
[Site "Regina CAN"]
[Date "2019.07.07"]
[Round "2.33"]
[White "Shi, Michael"]
[Black "Li, Alan"]
[Result "1/2-1/2"]
[WhiteElo "1856"]
[BlackElo "1272"]
[PlyCount "79"]
[EventDate "2019.07.07"]
[EventType "swiss"]
[EventRounds "7"]
[EventCountry "CAN"]

1. e4 c5 2. Nf3 d6 3. d4 cxd4 4. Nxd4 Nf6 5. Nc3 a6 6. Bc4 b5 7. Bb3 Bb7 8. f3
g6 9. Be3 Bg7 10. Qd2 Nc6 11. O-O O-O 12. Nde2 Qc7 13. Bh6 Qb6+ 14. Kh1 Na5 15.
Bxg7 Kxg7 16. Ng3 Nxb3 17. axb3 Rac8 18. Rae1 Qc5 19. Re2 Rc7 20. f4 Rfc8 21.
Qd3 Ng4 22. h3 Nf6 23. f5 Qe5 24. fxg6 hxg6 25. Rf3 Bc6 26. Qe3 b4 27. Nd1 Bb5
28. Ref2 Rxc2 29. Nf5+ gxf5 30. Rxf5 Qe6 31. Qg5+ Kf8 32. Qh6+ Ke8 33. R2f3 Rc1
34. Qd2 R1c2 35. Qh6 Be2 36. Rxf6 exf6 37. Rxf6 Qe7 38. Rxd6 Rc1 39. Qh8+ Qf8
40. Qe5+ 1/2-1/2

[Event "CYCC U10"]
[Site "Regina CAN"]
[Date "2019.07.07"]
[Round "2.34"]
[White "Zou, Alex"]
[Black "Lin, Leo"]
[Result "0-1"]
[WhiteElo "1115"]
[BlackElo "1778"]
[PlyCount "48"]
[EventDate "2019.07.07"]
[EventType "swiss"]
[EventRounds "7"]
[EventCountry "CAN"]

1. e4 c5 2. Nf3 d6 3. d4 cxd4 4. Nxd4 Nf6 5. Nc3 a6 6. Bc4 e6 7. O-O b5 8. Bd3
Bb7 9. Re1 Be7 10. b4 Nbd7 11. Qe2 O-O 12. Bd2 Rc8 13. a4 bxa4 14. Rxa4 Nb6 15.
Raa1 d5 16. e5 Nfd7 17. Na4 Nc4 18. f4 Ndb6 19. Nxb6 Qxb6 20. Bc3 Nxe5 21. Qxe5
Rxc3 22. Re3 Bf6 23. Bxh7+ Kxh7 24. Qh5+ Kg8 0-1

[Event "CYCC U10"]
[Site "Regina CAN"]
[Date "2019.07.07"]
[Round "2.35"]
[White "Yang, Ryan"]
[Black "Huang, Ivan"]
[Result "1-0"]
[WhiteElo "1704"]
[BlackElo "1104"]
[PlyCount "127"]
[EventDate "2019.07.07"]
[EventType "swiss"]
[EventRounds "7"]
[EventCountry "CAN"]

1. e4 e5 2. Nf3 Nc6 3. Bc4 Bc5 4. O-O Nf6 5. Nc3 d6 6. h3 O-O 7. d3 h6 8. Qe2
Re8 9. Be3 Bb6 10. Qd2 Bxe3 11. Qxe3 Be6 12. Bxe6 fxe6 13. Rad1 d5 14. Qc5 Qd7
15. Rfe1 b6 16. Qa3 a6 17. b3 b5 18. Qb2 Qd6 19. Ne2 b4 20. Ng3 d4 21. Nd2 Na5
22. Nh1 Qc5 23. Ng3 Rf8 24. Ne2 Nh5 25. g4 Nf4 26. Nxf4 Rxf4 27. Qb1 Raf8 28.
f3 Qc3 29. Rf1 Qc5 30. Kg2 Qb5 31. a3 c5 32. axb4 cxb4 33. Qa2 Rc8 34. Ra1 Rc5
35. Nc4 Nxc4 36. bxc4 Qb6 37. Qxa6 Qxa6 38. Rxa6 Kf7 39. Rb1 Rf6 40. Rxb4 g5
41. Rb7+ Kg6 42. Raa7 Rf8 43. Rc7 Rxc7 44. Rxc7 Rf7 45. Rxf7 Kxf7 46. Kf1 Ke8
47. Ke2 Kd7 48. Kd2 Kc6 49. Kc1 Kc5 50. Kb1 Kb4 51. Kb2 Kc5 52. Kb3 Kb6 53. Kb4
Kc6 54. c5 Kc7 55. Kb5 Kb7 56. c6+ Kc7 57. Kc5 Kc8 58. Kb6 Kb8 59. c7+ Kc8 60.
Kc6 h5 61. gxh5 g4 62. h6 gxf3 63. h7 f2 64. h8=Q# 1-0

[Event "CYCC U10"]
[Site "Regina CAN"]
[Date "2019.07.07"]
[Round "2.36"]
[White "Mane, Arnav"]
[Black "Darvekar, Yash"]
[Result "1/2-1/2"]
[WhiteElo "1097"]
[BlackElo "1644"]
[PlyCount "86"]
[EventDate "2019.07.07"]
[EventType "swiss"]
[EventRounds "7"]
[EventCountry "CAN"]

1. e4 c5 2. Nf3 g6 3. c3 Nf6 4. e5 Nd5 5. d4 cxd4 6. cxd4 Bg7 7. Nc3 Nxc3 8.
bxc3 O-O 9. Be2 d6 10. Bf4 Nc6 11. exd6 exd6 12. O-O Ne7 13. Bg5 Qc7 14. Bxe7
Qxe7 15. Re1 Qc7 16. Qd3 Bf5 17. Qc4 Qxc4 18. Bxc4 Rac8 19. Bd5 Rxc3 20. Bxb7
Bg4 21. Red1 Bxf3 22. Bxf3 Rc4 23. Rac1 Rxc1 24. Rxc1 Bxd4 25. g3 Rb8 26. Rc2
Kg7 27. Bd5 Kf6 28. Kg2 Rb2 29. Rxb2 Bxb2 30. h3 Ke5 31. Bxf7 d5 32. Kf3 d4 33.
Bc4 Kd6 34. Bg8 h6 35. Bh7 g5 36. Kg4 Bc1 37. Kf3 Kc5 38. Ke2 Kb4 39. Kd1 Bb2
40. f4 Ka3 41. Bb1 Kb4 42. f5 d3 43. Bxd3 Bf6 1/2-1/2

[Event "CYCC U10"]
[Site "Regina CAN"]
[Date "2019.07.07"]
[Round "2.37"]
[White "Jiang Barron, Jiyu"]
[Black "Wu, Jonathan"]
[Result "1-0"]
[WhiteElo "1556"]
[BlackElo "1079"]
[PlyCount "89"]
[EventDate "2019.07.07"]
[EventType "swiss"]
[EventRounds "7"]
[EventCountry "CAN"]

1. e4 e6 2. d4 d5 3. e5 c5 4. c3 Nc6 5. Nf3 Qb6 6. a3 a5 7. Bd3 Nh6 8. O-O Bd7
9. Bc2 Ng8 10. Nbd2 cxd4 11. cxd4 Nxd4 12. Nxd4 Qxd4 13. Qe2 Qb6 14. Bd3 Bc5
15. Nf3 Ne7 16. Bf4 Nc6 17. Qc2 h6 18. Rac1 Bd4 19. Nxd4 Nxd4 20. Be3 Qb3 21.
Bxd4 Qxc2 22. Rxc2 Ke7 23. Rfc1 Rac8 24. Rc7 Rxc7 25. Rxc7 Rc8 26. Rxb7 Rc1+
27. Bf1 Rxf1+ 28. Kxf1 Kd8 29. b3 Bb5+ 30. Ke1 Kc8 31. Rxb5 Kd8 32. Rxa5 f6 33.
exf6 gxf6 34. Ra8+ Kc7 35. Bxf6 Kd7 36. Ra7+ Kc8 37. Rh7 d4 38. Bxd4 e5 39.
Bxe5 h5 40. Rxh5 Kd8 41. Rh8+ Kd7 42. Rd8+ Ke7 43. Bf6+ Kf7 44. Rf8+ Ke6 45.
Be5 1-0

[Event "CYCC U10"]
[Site "Regina CAN"]
[Date "2019.07.07"]
[Round "2.38"]
[White "Huang, Winston"]
[Black "Chen, Vincent"]
[Result "0-1"]
[WhiteElo "1065"]
[BlackElo "1456"]
[PlyCount "62"]
[EventDate "2019.07.07"]
[EventType "swiss"]
[EventRounds "7"]
[EventCountry "CAN"]

1. d4 Nf6 2. c4 g6 3. Nc3 Bg7 4. Bf4 d6 5. Nf3 O-O 6. e3 c5 7. d5 Nbd7 8. Be2
b6 9. O-O a5 10. Qc2 Ne8 11. Rad1 Ndf6 12. e4 Nh5 13. Be3 f5 14. exf5 Bxf5 15.
Qc1 Qd7 16. Rfe1 Nef6 17. Bd3 Bg4 18. Be2 Rf7 19. Qc2 Raf8 20. Ng5 Bxe2 21.
Nxe2 Ng4 22. Nxf7 Rxf7 23. h3 Ne5 24. Ng3 Nf3+ 25. gxf3 Qxh3 26. Nxh5 gxh5 27.
Qe4 Be5 28. Bg5 Bh2+ 29. Kh1 Bg3+ 30. Kg1 Qh2+ 31. Kf1 Qxf2# 0-1

[Event "CYCC U10"]
[Site "Regina CAN"]
[Date "2019.07.07"]
[Round "2.40"]
[White "Zhou, Felix Tian"]
[Black "Gao, Joshua"]
[Result "1-0"]
[WhiteElo "766"]
[BlackElo "960"]
[PlyCount "59"]
[EventDate "2019.07.07"]
[EventType "swiss"]
[EventRounds "7"]
[EventCountry "CAN"]

1. c4 e5 2. Nc3 Nf6 3. e4 Bc5 4. Be2 c6 5. Na4 Bb4 6. a3 Ba5 7. c5 b6 8. b4 b5
9. Nc3 Bc7 10. Bb2 d6 11. Nf3 a5 12. d4 axb4 13. axb4 Rxa1 14. Bxa1 exd4 15.
Nxd4 d5 16. Qc2 Qe7 17. f3 Be5 18. Qd3 Na6 19. Nxc6 Qe6 20. Nxe5 Qxe5 21. Qxb5+
Nd7 22. O-O Qd4+ 23. Kh1 Qf6 24. Nxd5 Qh6 25. c6 Ndb8 26. c7+ Nc6 27. Nb6 O-O
28. Nxc8 Rxc8 29. Qxa6 Rxc7 30. Qa8+ 1-0

[Event "CYCC U10"]
[Site "Regina CAN"]
[Date "2019.07.07"]
[Round "2.41"]
[White "Xu, Joey"]
[Black "Wang, Dennis"]
[Result "0-1"]
[WhiteElo "950"]
[BlackElo "776"]
[PlyCount "100"]
[EventDate "2019.07.07"]
[EventType "swiss"]
[EventRounds "7"]
[EventCountry "CAN"]

1. e4 c5 2. d4 cxd4 3. c3 d3 4. Bxd3 Nc6 5. Nf3 d5 6. Bf4 dxe4 7. Bxe4 Qxd1+ 8.
Kxd1 Nf6 9. Bd3 Bg4 10. Ke2 e5 11. h3 Bxf3+ 12. Kxf3 exf4 13. Re1+ Be7 14. Bb5
a6 15. Ba4 Rd8 16. Re2 Rd3+ 17. Kxf4 Rd5 18. Kg3 b5 19. Bb3 Rg5+ 20. Kh2 Re5
21. Rxe5 Nxe5 22. Nd2 Nd3 23. Bc2 Nxb2 24. Re1 Nc4 25. Nf3 Nd5 26. Nd4 O-O 27.
Nc6 Bd6+ 28. g3 Nxc3 29. Nd4 Nxa2 30. Rd1 Bc5 31. Nb3 Bxf2 32. Rd7 Bb6 33. Rb7
Re8 34. h4 g6 35. Bd3 Be3 36. Bxc4 bxc4 37. Na5 c3 38. h5 c2 39. hxg6 hxg6 40.
Nb3 c1=Q 41. Nxc1 Bxc1 42. g4 Bf4+ 43. Kh3 Re2 44. Rb8+ Kg7 45. Rg8+ Kxg8 46.
g5 Rf2 47. Kg4 Nc3 48. Kh4 Ne4 49. Kg4 f5+ 50. gxf6 Nxf6+ 0-1

[Event "CYCC U10"]
[Site "Regina CAN"]
[Date "2019.07.07"]
[Round "2.42"]
[White "Chen, Tom"]
[Black "Shi, Sean"]
[Result "0-1"]
[WhiteElo "907"]
[BlackElo "697"]
[PlyCount "91"]
[EventDate "2019.07.07"]
[EventType "swiss"]
[EventRounds "7"]
[EventCountry "CAN"]

1. e4 c5 2. Nf3 Nc6 3. d4 d6 4. Bb5 a6 5. Ba4 b5 6. Bb3 Nf6 7. e5 dxe5 8. dxe5
Qxd1+ 9. Kxd1 Ne4 10. Re1 Nxf2+ 11. Ke2 c4 12. Bxc4 bxc4 13. Kxf2 Nb4 14. Na3
Bf5 15. c3 Nd3+ 16. Kf1 Nxe1 17. Kxe1 Rc8 18. Nd4 Bd3 19. Kd2 e6 20. b3 Bxa3
21. Bxa3 Kd7 22. bxc4 Bxc4 23. Bd6 f6 24. a3 fxe5 25. Bxe5 Rhg8 26. Rb1 Rc5 27.
Rb7+ Ke8 28. Rb8+ Kf7 29. Rb7+ Kg6 30. Bd6 Rd5 31. Bb4 e5 32. Rb6+ Kh5 33. Ke3
exd4+ 34. cxd4 Re8+ 35. Kd2 Rxd4+ 36. Kc3 Rf4 37. Kc2 Re3 38. Bd2 Rf2 39. Rd6
Rxg2 40. Rd7 Bb3+ 41. Kc1 Rg1+ 42. Kb2 Rg2 43. Kc1 Rf3 44. Kb2 Rxh2 45. Kb1
Rf1+ 46. Bc1 0-1

[Event "CYCC U10"]
[Site "Regina CAN"]
[Date "2019.07.07"]
[Round "2.43"]
[White "Wang, Howard"]
[Black "Li, Anthony Zongyue"]
[Result "1-0"]
[WhiteElo "693"]
[BlackElo "847"]
[PlyCount "105"]
[EventDate "2019.07.07"]
[EventType "swiss"]
[EventRounds "7"]
[EventCountry "CAN"]

1. e4 e6 2. c4 b6 3. Nc3 Bb7 4. a3 Nf6 5. d3 Nc6 6. Nf3 d5 7. cxd5 exd5 8. e5
Qe7 9. Be2 Nxe5 10. O-O c5 11. d4 cxd4 12. Bb5+ Nfd7 13. Nxe5 dxc3 14. Bxd7+
Kd8 15. Qh5 g6 16. Qe2 Kc7 17. Bf4 Kd8 18. Qe3 cxb2 19. Bg5 bxa1=Q 20. Bxe7+
Bxe7 21. Rxa1 Rf8 22. Bc6 Bc5 23. Qg5+ f6 24. Qh4 Bd4 25. Qxd4 fxe5 26. Qxd5+
Ke7 27. Qd7+ Kf6 28. Qxb7 Rad8 29. Qxh7 Rd6 30. Qh4+ Kf7 31. Qb4 Rfd8 32. Qc4+
Ke7 33. h3 Rc8 34. Qh4+ Ke6 35. Qg4+ Kf7 36. Qxc8 e4 37. Qe8+ Kf6 38. Qxe4 Re6
39. Qxe6+ Kxe6 40. Be4 g5 41. Kh2 b5 42. Rb1 a5 43. Rxb5 a4 44. Ra5 g4 45. h4
g3+ 46. Kxg3 Kf6 47. Ra6+ Ke7 48. h5 Kd7 49. h6 Ke7 50. h7 Kd7 51. h8=Q Kc7 52.
Qh7+ Kd8 53. Ra8# 1-0

[Event "CYCC U10"]
[Site "Regina CAN"]
[Date "2019.07.07"]
[Round "2.44"]
[White "Yu, Ryan Bole"]
[Black "Li, Anthony"]
[Result "0-1"]
[WhiteElo "841"]
[BlackElo "661"]
[PlyCount "68"]
[EventDate "2019.07.07"]
[EventType "swiss"]
[EventRounds "7"]
[EventCountry "CAN"]

1. e4 c5 2. Nf3 d6 3. d4 cxd4 4. Nxd4 Nf6 5. Nc3 a6 6. Be2 g6 7. Bg5 Bg7 8. Qd2
h6 9. Be3 b5 10. a3 Bb7 11. h4 Bxe4 12. f3 Bb7 13. g4 Qc7 14. Rg1 h5 15. gxh5
Nxh5 16. f4 Nf6 17. Bf2 Ne4 18. Nxe4 Bxe4 19. f5 e5 20. Rg4 d5 21. Nb3 Qxc2 22.
Qxc2 Bxc2 23. Nc5 Bxf5 24. Rb4 Ra7 25. Ne6 Bxe6 26. Bxa7 Nc6 27. Rb3 Nxa7 28.
Rc3 e4 29. Rc7 Nc8 30. Rac1 Kd8 31. R1c2 d4 32. R7c5 d3 33. Rd2 Bc4 34. Bg4 f5
0-1

[Event "CYCC U10"]
[Site "Regina CAN"]
[Date "2019.07.08"]
[Round "3.32"]
[White "Han, Jonathan"]
[Black "Jiang Barron, Jiyu"]
[Result "1-0"]
[WhiteElo "2026"]
[BlackElo "1556"]
[PlyCount "67"]
[EventDate "2019.07.07"]
[EventType "swiss"]
[EventRounds "7"]
[EventCountry "CAN"]

1. e4 c5 2. Nf3 d6 3. d4 cxd4 4. Nxd4 Nf6 5. Nc3 a6 6. Be3 e5 7. Nb3 Be6 8. f3
Be7 9. Qd2 O-O 10. O-O-O b5 11. g4 b4 12. Nd5 Bxd5 13. exd5 a5 14. Kb1 a4 15.
Nc1 Qa5 16. g5 Nfd7 17. h4 a3 18. b3 Nc5 19. h5 Nbd7 20. Nd3 Rab8 21. Nxc5 Nxc5
22. g6 f5 23. h6 hxg6 24. hxg7 Rfc8 25. Qh2 Kf7 26. Qh7 Rg8 27. Bh6 f4 28. Rg1
Bf6 29. Qxg6+ Ke7 30. Bg5 Bxg5 31. Rxg5 Qd8 32. Bh3 Qe8 33. Rxe5+ dxe5 34. d6+
1-0

[Event "CYCC U10"]
[Site "Regina CAN"]
[Date "2019.07.08"]
[Round "3.34"]
[White "Chen, Vincent"]
[Black "Yang, Ryan"]
[Result "0-1"]
[WhiteElo "1456"]
[BlackElo "1704"]
[PlyCount "142"]
[EventDate "2019.07.07"]
[EventType "swiss"]
[EventRounds "7"]
[EventCountry "CAN"]

1. e4 e5 2. Bc4 Nf6 3. d4 Nc6 4. Nf3 exd4 5. O-O d6 6. Nxd4 Nxd4 7. Qxd4 Be7 8.
Nc3 O-O 9. Bg5 h6 10. Bh4 a6 11. f4 b6 12. e5 d5 13. exf6 Bc5 14. Qxc5 bxc5 15.
fxg7 Qxh4 16. gxf8=Q+ Kxf8 17. Bxd5 Rb8 18. a3 Qf6 19. Rab1 Bf5 20. Rfc1 Qd4+
21. Kh1 Qd2 22. Be4 Bxe4 23. Nxe4 Qxf4 24. Nxc5 Qd6 25. Nd3 Rb5 26. Rd1 Rh5 27.
h3 Rg5 28. Rf1 Qc6 29. Rf2 Kg8 30. Re1 Qd5 31. Re8+ Kh7 32. Re7 Rf5 33. Rxf5
Qxf5 34. Rxc7 h5 35. Rc5 Qf1+ 36. Kh2 Qd1 37. Rc6 a5 38. Rc3 a4 39. Nb4 Qd6+
40. Kg1 Qf4 41. Nd3 Qd4+ 42. Kh1 Qe4 43. Rc5 f5 44. Re5 Qc4 45. Re7+ Kg6 46.
Re2 Kg5 47. g3 h4 48. Rg2 Qc6 49. gxh4+ Kxh4 50. Ne5 Qb7 51. Ng6+ Kxh3 52. Nf4+
Kh4 53. c3 Qb5 54. Ne2 f4 55. Rf2 Kg5 56. Rg2+ Kf6 57. Nd4 Qf1+ 58. Kh2 f3 59.
Nxf3 Qxf3 60. Kg1 Qd1+ 61. Kh2 Kf5 62. Rg3 Kf4 63. Rh3 Qe2+ 64. Kg1 Qxb2 65. c4
Qb3 66. Kg2 Kg4 67. Rh1 Qxa3 68. c5 Qb2+ 69. Kg1 Kg3 70. Rh3+ Kxh3 71. Kf1 Kg3
0-1

[Event "CYCC U10"]
[Site "Regina CAN"]
[Date "2019.07.08"]
[Round "3.35"]
[White "Darvekar, Yash"]
[Black "Shi, Michael"]
[Result "1-0"]
[WhiteElo "1644"]
[BlackElo "1856"]
[PlyCount "37"]
[EventDate "2019.07.07"]
[EventType "swiss"]
[EventRounds "7"]
[EventCountry "CAN"]

1. e4 e5 2. Nf3 Nc6 3. Bb5 a6 4. Bxc6 dxc6 5. O-O Bd6 6. d4 Bg4 7. dxe5 Bxf3 8.
Qxf3 Bxe5 9. c3 Qe7 10. Be3 O-O-O 11. Nd2 Kb8 12. Nc4 f6 13. Rad1 Bd6 14. Nxd6
cxd6 15. Bb6 Rd7 16. Qg3 g6 17. Bc5 Kc7 18. Rxd6 Rxd6 19. Rd1 1-0

[Event "CYCC U10"]
[Site "Regina CAN"]
[Date "2019.07.08"]
[Round "3.36"]
[White "Li, Alan"]
[Black "Mane, Arnav"]
[Result "1-0"]
[WhiteElo "1272"]
[BlackElo "1097"]
[PlyCount "113"]
[EventDate "2019.07.07"]
[EventType "swiss"]
[EventRounds "7"]
[EventCountry "CAN"]

1. e4 c5 2. Nf3 d6 3. d4 cxd4 4. Nxd4 Nf6 5. Nc3 a6 6. Be3 b5 7. f3 e6 8. Be2
Bb7 9. Qd2 Nbd7 10. g4 Nb6 11. Nb3 Nfd7 12. Na5 Rb8 13. Nxb7 Rxb7 14. Bf4 e5
15. Bg5 Be7 16. Bxe7 Qxe7 17. O-O-O Nc8 18. Nd5 Qd8 19. Ne3 g6 20. h4 Ndb6 21.
b3 Qc7 22. h5 Qc5 23. Kb2 Ra7 24. hxg6 fxg6 25. g5 a5 26. Nd5 Nxd5 27. Qxd5
Qxd5 28. Rxd5 b4 29. Rhd1 h5 30. gxh6 Rxh6 31. Rb5 Rh2 32. Bc4 Rf2 33. Rd3 Kd7
34. Rxe5 Kc7 35. Rg5 Ne7 36. Bf7 Ra6 37. Bxg6 d5 38. Bf5 Nxf5 39. Rxf5 dxe4 40.
fxe4 Rxf5 41. exf5 Rf6 42. Rf3 Kd6 43. a3 Ke5 44. c3 Rxf5 45. Rxf5+ Kxf5 46.
cxb4 axb4 47. axb4 Ke6 48. Kc3 Kd6 49. Kd4 Kc6 50. Kc4 Kb6 51. b5 Kb7 52. Kc5
Kc7 53. b6+ Kb7 54. Kb5 Kb8 55. Kc6 Kc8 56. b7+ Kb8 57. b4 1-0

[Event "CYCC U10"]
[Site "Regina CAN"]
[Date "2019.07.08"]
[Round "3.37"]
[White "Shi, Sean"]
[Black "Ming, Jerry"]
[Result "0-1"]
[WhiteElo "697"]
[BlackElo "1390"]
[PlyCount "116"]
[EventDate "2019.07.07"]
[EventType "swiss"]
[EventRounds "7"]
[EventCountry "CAN"]

1. e4 e5 2. Nf3 Nc6 3. Bc4 Bc5 4. d3 Nf6 5. Nc3 d6 6. Be3 Bb6 7. O-O O-O 8. d4
exd4 9. Nxd4 Nxd4 10. Bxd4 Bxd4 11. Qxd4 Be6 12. Nd5 c6 13. Nxf6+ Qxf6 14. Qxf6
gxf6 15. b3 Bxc4 16. bxc4 Rfe8 17. f3 Re5 18. Rad1 Rd8 19. Rfe1 Rc5 20. Rd4 Ra5
21. Red1 Rxa2 22. Rxd6 Rxd6 23. Rxd6 Rxc2 24. Rxf6 a5 25. Rd6 a4 26. Rd8+ Kg7
27. Ra8 Rxc4 28. Kf2 b5 29. Ke3 Rc2 30. Kd3 Rxg2 31. Kd4 Rxh2 32. Kc5 Rc2+ 33.
Kb4 h5 34. Rd8 h4 35. Rd1 h3 36. Rg1+ Rg2 37. Rh1 h2 38. f4 f5 39. e5 Kf7 40.
Kc5 a3 41. Kd6 Ke8 42. Kxc6 a2 43. Kxb5 Rg1 44. Rxh2 a1=Q 45. Rh8+ Kf7 46. Rh7+
Rg7 47. e6+ Kxe6 48. Rh6+ Kf7 49. Rc6 Qb2+ 50. Kc5 Rg1 51. Rc7+ Ke6 52. Rc6+
Ke7 53. Rc7+ Kd8 54. Kd6 Qd2+ 55. Kc6 Rc1+ 56. Kb7 Qb2+ 57. Ka8 Kxc7 58. Ka7
Qb7# 0-1